000 00540nam a2200217Ia 4500
003 OSt
005 20220926040041.0
006 a|||||r|||| 00| 0
007 ta
008 220923b |||||||| |||| 00| 0 eng d
037 _cGeneral Book
040 _aRTL
_cRTL
_beng
041 _2eng
_aeng
082 _aB, K2
100 _aMerritt Fredericks S
_9343090
245 0 _aMathematics mannual
260 _c1962
650 _aMathematics
_92141
942 _hB, K2
_cGB
_2CC
999 _c663742
_d663742